Las formas de felicidad son ocho: comentario a las bienaventuranzas

Guardat en:
Dades bibliogràfiques
Autor principal: Cabodevilla, José María (Autor)
Format: Llibre
Idioma:espanyol
Publicat: Madrid Biblioteca de Autores Cristianos 1984
Col·lecció:Biblioteca de Autores Cristianos
Matèries:
Etiquetes: Afegir etiqueta
Sense etiquetes, Sigues el primer a etiquetar aquest registre!

MARC

LEADER 00000nam a2200000 a 4500
001 UCL2466
003 CL-VaPUC
008 031024e19840000SP |||||||||||||||||spa|d
020 |a 8422011271 
082 0 4 |a 226.93  |b CAB  |2 21 
100 0 |a Cabodevilla, José María  |e author  |9 479557 
245 1 4 |a Las formas de felicidad son ocho: comentario a las bienaventuranzas 
300 |a 378 p 
942 |c BK 
945 |d 20031024 00:00:00  |a vberengu 
260 |a Madrid  |b Biblioteca de Autores Cristianos  |c 1984 
650 0 |a Bienaventuranzas  |9 322890 
583 |a last modification  |c 20031024 00:00:00  |k Rodrigo Vera 
490 0 |a Biblioteca de Autores Cristianos 
999 |c 305772  |d 305770 
952 |0 0  |1 0  |4 0  |6 226_930000000000000_CAB_1984  |7 0  |8 A  |9 370161  |a BIBTEO  |b BIBTEO  |d 2019-11-21  |i 2091410  |o 226.93 CAB 1984  |p 2091410  |r 2025-01-17  |w 2019-11-21  |y BK  |k ICR